000 00941nam a2200229 i 4500
001 bg
245 0 0 _aUkłady wtryskowe benzyny.
_nT. 5,
_pFord/Weber C.F.I., GM Multec S.P.I., Bosch Mono-Jetronic, Bosch Mono-Motronic /
_f[tł. z jęz. włos. Anna Tylusińska-Kowalska].
260 _aWarszawa :
_bWydawnictwo AUTO,
_c1997.
300 _a102 s. :
_bfot., rys. ;
_c29 cm.
500 _aDla samochodów : Citroën AX, Fiat Tempra, Fiat Tipo, Fiat Uno, Ford Escort, Ford Fiesta, Lancia Dedra, Lancia Y, Opel Astra, Opel Corsa, Opel Kadett, Opel Vectra, Peugeot 205, Peugeot 306, Volksvagen Passat.
650 9 _aSamochody osobowe
_xnapęd
650 9 _aSilniki spalinowe
_xurządzenia
700 1 _aTylusińska-Kowalska, Anna.
_eTł.
020 _a8385243720
040 _cBPK
041 1 _apol
_hita
044 _aPOL
080 _a629.331:621.43
920 _a83-85243-72-0
942 _cKS
008 s pl f |000 0 pol
999 _c54102
_d54102
856 _uhttp://koha.tu.koszalin.pl/cgi-bin/koha/opac-detail.pl?biblionumber=54102
_yKatalog online BPK